Archives of diseases in childhood: v. 44, 1969. (Record no. 30778)
[ view plain ]
| 000 -LEADER | |
|---|---|
| fixed length control field | 00580nam a2200145 a 4500 |
| 008 - FIXED-LENGTH DATA ELEMENTS--GENERAL INFORMATION | |
| fixed length control field | 130927s1969 ||||||||||||||||| || u |
| 050 ## - LIBRARY OF CONGRESS CALL NUMBER | |
| Classification number | RJ 45 ARC |
| 100 ## - MAIN ENTRY--PERSONAL NAME | |
| Personal name | Robinson Roger |
| 245 10 - TITLE STATEMENT | |
| Title | Archives of diseases in childhood: v. 44, 1969. |
| Statement of responsibility, etc. | edited by Douglas Gairdner and Roger Robinson |
| 260 ## - PUBLICATION, DISTRIBUTION, ETC. | |
| Place of publication, distribution, etc. | London: |
| Date of publication, distribution, etc. | 1969 |
| 300 ## - PHYSICAL DESCRIPTION | |
| Extent | 799p.: ill. |
| 650 ## - SUBJECT ADDED ENTRY--TOPICAL TERM | |
| Topical term or geographic name entry element | CHILDREN--DISEASE |
| 700 ## - ADDED ENTRY--PERSONAL NAME | |
| Personal name | Gairdner, Douglas |
| 995 ## - | |
| -- | MEDICAL LIBRARY OPEN ACCESS |
| -- | 902346 |
| -- | CBU-SCHOOL OF MEDICINE LIBRARY (Ndola) |
| -- | RJ 45 ARC |
| -- | 1 |
| -- | AVAILABLE |
| -- | Nov 6, 2013 |
| -- | 902346 |
| -- | Medical Library Open Access Collection |
| 999 ## - | |
| -- | 30778 |
| -- | 30778 |
| Withdrawn status | Lost status | Source of classification or shelving scheme | Damaged status | Not for loan | Permanent Location | Current Location | Shelving location | Date acquired | Total Checkouts | Full call number | Barcode | Date last seen | Price effective from | Koha item type |
|---|---|---|---|---|---|---|---|---|---|---|---|---|---|---|
| CBU-SCHOOL OF MEDICINE LIBRARY, NDOLA. | CBU-SCHOOL OF MEDICINE LIBRARY, NDOLA. | 11/30/2022 | RJ 45 ARC | 902346 | 11/30/2022 | 11/30/2022 | MONOGRAPH |